=LDR 00000nam 2200000 4500 =001 INLIS000000000012122 =005 20130612103649 =008 ***********************************Ind** =035 ##$$0010-061300000012122 =041 ##$$a Ind =082 ##$$a 591 =090 ##$$a 591, Pra d =100 ##$$a Pratomo, suyadi =245 ##$$a Dunia hewan irian jaya, syadi Pratomo =260 ##$$a Mutiara6c1977 $b Jakarta =300 ##$$a 95 hlm, Ilus, 21 cm =650 ##$$a Hewan =850 ##$$a NBPNMAT